| 000 | 00528nam a22001937a 4500 | ||
|---|---|---|---|
| 008 | 000000b xxu||||| |||| 00| 0 und d | ||
| 020 | _a978-0-07-107748-4 | ||
| 041 | _aEng | ||
| 082 |
_a372.0072 _bB949m |
||
| 100 | _aBushaway, Robert W. | ||
| 245 | _aManaging research | ||
| 260 |
_aNew Delhi _bTata McGraw-Hill Education _c2011 |
||
| 300 | _axvi, 246p. | ||
| 490 | _aManagement Universities and colleges | ||
| 504 | _aBibliography: p.233-236 | ||
| 650 | _aPrimary education | ||
| 650 | _aResearch | ||
| 942 |
_cGEN _2ddc |
||
| 999 |
_c71408 _d71394 |
||